00719nam a22001577a 4500003000900000008004100009040007100050082002200121110003100143245005400174260004800228300002300276505021400299650002500513650002300538AR-CdUCM190403b           ||||| |||| 00| 0 spa d  aMUNICIPALIDAD PROVINCIAL DEL CUSCOcBIBLIOTECA MUNICIPAL DEL CUSCO  aEP / 373.1 /bM61  aMinisterio de educación.  aGuía de matemática :bCuaderno de trabajo 1 /  aPerú :bMinisterio de educación,c1994.  a73 paginasc30 cm.  aContenido :Exploración y organización del espacio -- Clasificación y relaciones lógicas entre los objetos -- Numero y numeración -- Comparación de números  -- Adición de números naturales ...  aEducación primaria  aCiencias aplicadas